000 00319nam a22001337a 4500
008 171010b xxu||||| |||| 00| 0 eng d
020 _a9780176251956
041 _aeng
080 _24 ED
_a316
100 _a50
101 _aSOC
245 _aSOCIOLOGY IN OUR TIMES THE ESSENTIALS
_cKENDAL.D
942 _2udc
_cBK
999 _c32936
_d32936